000 00391pab a2200157 454500
008 180718b2011 xxu||||| |||| 00| 0 eng d
100 _aNjoh, Ambe J.
245 _aCitizen participation and sustainability: Lessons from Cameroon
260 _c2011
300 _ap.376-383.
362 _aSep
650 _aWorkers participation
773 _aDevelopment
908 _aN
909 _a93263
999 _c93263
_d93263